| 000 | 00781nam a22002057a 4500 | ||
|---|---|---|---|
| 003 | AUA.1 | ||
| 005 | 20251120173143.0 | ||
| 008 | 251120b |||||||| |||| 00| 0 eng d | ||
| 020 | _a9798886289138 | ||
| 040 | _cJTL | ||
| 050 |
_aBV4597.53.L43 _bB35 2025 |
||
| 245 |
_aLeadership in the last days : _btwelve tools for Adventist leaders / _cDelbert W. Baker, Dwain N. Esmond (eds). |
||
| 260 |
_aLincoln, Nebraska : _bAdventSource; _cc2025. |
||
| 300 |
_a143 pages ; _c23 cm. |
||
| 650 |
_aPractical religion. The Christian life _vInterpersonal relations _xLeadership |
||
| 650 |
_aChristian leadership _vSeventh-day Adventists |
||
| 700 |
_aBaker, Delbert W. _eeditor |
||
| 700 |
_aEsmond, Dwain N. _eeditor |
||
| 942 |
_2lcc _cBOOK _hBV 4597.53 .L43 _iB35 2025 |
||
| 999 |
_c25264 _d25264 |
||